Využitie produktového dizajnu v oblasti výroby potravín a nápojov ako jedného z aspektov tvorby hodnotovej ponuky pre zákazníka v maloobchodných jednotkách
Vývoj a inovácia potravinárskych produktov sa považujú za základnú stratégiu pre konkurenčný úspech a prežitie na konkurenčnom globálnom trhu. Napriek tomuto uznaniu množstvo nových potravinárskych výrobkov naďalej zlyháva, čo zdôrazňuje ťažkú úlohu maloobchodníkov v potravinárskom priemysle. Produk...
Salvato in:
| Autore principale: | |
|---|---|
| Natura: | Capitolo di libro |
| Lingua: | slovacco |
| Soggetti: | |
| Tags: |
Nessun Tag, puoi essere il primo ad aggiungerne!!
|
MARC
| LEADER | 00000naa$a2200000$$$4500 | ||
|---|---|---|---|
| 001 | 0297205 | ||
| 005 | 20240502074512.1 | ||
| 041 | 0 | |a slo | |
| 044 | |a SK | ||
| 245 | 1 | 0 | |a Využitie produktového dizajnu v oblasti výroby potravín a nápojov ako jedného z aspektov tvorby hodnotovej ponuky pre zákazníka v maloobchodných jednotkách |c Renáta Ševčíková |
| 520 | |a Vývoj a inovácia potravinárskych produktov sa považujú za základnú stratégiu pre konkurenčný úspech a prežitie na konkurenčnom globálnom trhu. Napriek tomuto uznaniu množstvo nových potravinárskych výrobkov naďalej zlyháva, čo zdôrazňuje ťažkú úlohu maloobchodníkov v potravinárskom priemysle. Produktový dizajn sa, ako nástroj zvyšovania hodnoty produktu, vnímanej zákazníkom stáva jedným z aspektov tvorby hodnotovej ponuky inovatívneho obchodného modelu maloobchodných jednotiek. | ||
| 610 | 2 | 0 | |a dizajn |
| 610 | 2 | 0 | |a dizajn produktový |
| 610 | 2 | 0 | |a obaly |
| 610 | 2 | 0 | |a priemysel potravinársky |
| 610 | 2 | 0 | |a nápoje nealkoholické |
| 610 | 2 | 0 | |a odpad |
| 610 | 2 | 0 | |a inovácie technologické |
| 100 | 1 | |a Ševčíková, Renáta, 1982- | |